| Tag |
First Indicator |
Second Indicator |
Subfields |
| LEADER |
00000cam a2200000 a 4500 |
| 001 |
in00001407531 |
| 005 |
20151020062220.0 |
| 008 |
970505s1998 nyua b 001 0 eng |
| 010 |
|
|
|a 97020446
|
| 020 |
|
|
|a 0471163430 (cloth : alk. paper)
|
| 035 |
|
|
|a (OCoLC)36883862
|
| 035 |
|
|
|9 AHP0981AM
|
| 040 |
|
|
|a DLC
|c DLC
|d TXA
|d UtOrBLW
|
| 049 |
|
|
|a TXAM
|
| 050 |
0 |
0 |
|a RJ506.B44
|b H26 1998
|
| 082 |
0 |
0 |
|a 618.92/8914
|2 21
|
| 245 |
0 |
0 |
|a Handbook of parent training :
|b parents as co-therapists for children's behavior problems /
|c edited by James M. Briesmeister, Charles E. Schaefer.
|
| 246 |
3 |
0 |
|a Parent training
|
| 250 |
|
|
|a 2nd ed.
|
| 264 |
|
1 |
|a New York :
|b Wiley,
|c [1998]
|
| 264 |
|
4 |
|c ©1998
|
| 300 |
|
|
|a xiv, 594 pages :
|b illustrations ;
|c 24 cm.
|
| 336 |
|
|
|a text
|b txt
|2 rdacontent
|
| 337 |
|
|
|a unmediated
|b n
|2 rdamedia
|
| 338 |
|
|
|a volume
|b nc
|2 rdacarrier
|
| 504 |
|
|
|a Includes bibliographical references and indexes.
|
| 650 |
|
0 |
|a Behavior disorders in children
|x Study and teaching.
|
| 650 |
|
0 |
|a Child psychotherapy
|x Study and teaching.
|
| 650 |
|
0 |
|a Child psychotherapy
|x Parent participation.
|
| 700 |
1 |
|
|a Briesmeister, James M.
|
| 700 |
1 |
|
|a Schaefer, Charles E.
|
| 948 |
|
|
|a c:rd
|
| 999 |
|
|
|a MARS
|
| 999 |
f |
f |
|s 1bcf5fe9-bbb8-36c0-8546-9bf3afc7fe87
|i 922698e3-0032-3c89-8c3e-16e751b8098b
|t 0
|
| 952 |
f |
f |
|p normal
|a Texas A&M University
|b College Station
|c Sterling C. Evans Library
|d Evans: Library Stacks
|t 0
|e RJ506.B44 H26 1998
|h Library of Congress classification
|i unmediated -- volume
|m A14822534357
|
| 998 |
f |
f |
|a RJ506.B44 H26 1998
|t 0
|l Evans: Library Stacks
|